Statistiques concernant Pokémon Noir et Blanc : Culture Générale

Cliquez ici pour prendre le quiz!

Statistiques générales

  • Ce quiz a été pris 74 fois
  • Le résultat moyen est 12 sur 30

Statistiques - réponses

QuestionRéponse% Correct
Lequel de ces 4 objets rares est remis le plus tard dans le jeu ?Méga Canne
77%
Quel Badge nous remet Artie, Champion de l'arène de Volucité ?Badge Elytre
72%
Lequel de ces Pokémons possède un double type qui n'existait pas dans les 4 générations précédentes ?Limonde
72%
Laquelle de ces Poké Ball est remise par un Loubard à Ogoesse ?Sombre Ball
69%
Lequel de ces objets est obtenable au Hangar Frigorifique ?Casque Brut
67%
Quel est le nom du Motard (ou Play Bad Boy) qui nous initie selon la version soit aux Combats Rotatifs ou Combats en Trio ?Raphaël
66%
Laquelle de ces propositions relatives à un bug à Maillard est la seule à être juste (et donc à ne pas avoir était inventée) ?En entrant dans le Café, en se retournant et en appuyant sur A on peut voir la description d'un meuble qui est plus loin.
52%
Lequel de ces Pokémons évolue le plus tôt ?Baggiguane
48%
Lequel de ces 5 Pokémons possède la base Attaque la plus haute ?Aéroptéryx
39%
Lequel de ces noms anglais ne correspond pas à celui d'un Pokémon de type INSECTE ?Gurdurr
39%
Lequel de ces Pokémons n'est pas présent dans les Herbes Mouvantes de la Grotte Cyclopéenne ?Rhinastoc
39%
Au Pont du Hameau, quelle Baie est remise au joueur par une boulangère s'il parvient à prendre correctement les commandes en tant que serveur ?Baie Prine
38%
Lequel de ces 4 Pokémons possède la base Vitesse la plus haute ?Zéblitz
38%
Sauf en hiver, quel jour peut-on acheter de la Glace Volute ?Mardi
36%
Lequel de ces Pokémons n'est pas possédé par un sportif du Grand Stade ou du Petit Terrain ?Ohmassacre
36%
Parmi ces 4 Pokémons, lequel évolue le plus tard ?Scalpion
34%
Parmi ces propositions, laquelle correspond à l'équipe de Cynthia, que l'on affronte à Vaguelone ?Spiritomb - Milobellus - Gueriaigle - Lucario - Ohmassacre - Carchacrok
33%
Lors du combat contre Chammal et/ou Chamsin (Métro de Combat), on peut entendre une musique de jeu. Lors de l'affrontement contre qui entend-on cette même musique ?Goyah
31%
Laquelle de ces propositions (relatives à l'Hiver dans le jeu) est la seule à être correcte ?A Flocombe, on peut obtenir un Bonbon Rage pendant l'Hiver.
30%
Laquelle de ces 4 CT n'est pas délivrée par un sage de la Team Plasma ?Embargo
30%
Laquelle de ces propositions est vraie ?Roitiflam peut apprendre Ebullition
30%
Laquelle de ces 4 capacités n'est pas apparue en 5ème génération ?Mégafouet
28%
Lequel de ces 4 Pokémons possède la base Vitesse la plus basse ?Lançargot
27%
Il est possible d'obtenir deux Champis Suaves dans le jeu (hormis ceux trouvables sur les Pokémons sauvages). L'un est localisé à l'Autel Abondance, et l'autre ?Ogoesse
25%
Quel est le niveau du Polagriffe de Zhu lors de votre combat contre le Champion d'Arène ?39
20%
Laquelle de ces capacités n'est pas présente dans le Moveset du Trioxhydre de Ghetis ?Vibrobscur
20%
Dans quelle ville nous est remise la CT Casse-Brique ?Flocombe
19%
Combien de Pokémons de la 5ème génération évoluent avec une Pierre ?9
17%
Lequel de ces Pokémons est le seul à être dans l'équipe finale de Pieris (combat revanche du Conseil 4) ?Drascore
14%
Lequel de ces 5 Pokémons possède la base Défense la plus haute ?Bétochef
13%

Distribution des résultats

Percentile par nombre de réponses

% des personnes avec chaque résultat

Votre développement - résultats

Vous n’avez pas pris ce quiz